000 00710nam a22001695i 4500
001 98690
003 ES-MaACL
007 t|
008 950918s1859 sp ||||1| spa d
040 _aCAM
_bspa
_cCAM
100 1 _aEguílaz, César de.
_946757
245 1 0 _aMemoria leída por el secretario de la Escuela Normal Central César de Eguílaz
_b: en el...acto de distribución de premios entre los niños que asisten á las escuelas prácticas de la misma, correspondiente al curso de 1857 á 1858.
260 _aMadrid :
_b[s.n.],
_c1859 (
_fImpr. y Librería de la Viuda de Vázquez e hijos)
300 _a11 p. ;
_c21 cm.
710 2 _aEscuela Normal Central (Madrid)
_93581
852 _aES-MaACL
_jT-339-F-3
999 _c98690
_d98690